000 01062nam a2200313 i 4500
001 bg
100 1 _aKoch, Richard.
245 1 0 _aSztuka wyboru akcji :
_bdziesięć skutecznych sposobów /
_cRichard Koch ; [tł. z ang. Piotr Grauer, Jakub Kluziński].
246 _iTyt. oryg.:
_aSelecting shares that perform
260 _aWarszawa :
_bLIBER,
_c1996.
300 _a214 s. :
_bwykr. ;
_c24 cm.
490 1 _aInwestowanie. Z Biblioteki Parkietu
500 _aTyt. okł.: " Sztuka wyboru akcji : 10 skutecznych sposobów : przewodnik inwestora".
500 _aOryg.: "Selecting shares that perform" 1994.
650 9 _aGiełda papierów wartościowych
650 9 _aPapiery wartościowe
650 9 _aRynek kapitałowy
655 _aPoradniki
830 0 _aInwestowanie.
_pZ Biblioteki Parkietu
020 _a8390640937
020 _a0273605283 (oryg)
040 _cBPK
041 1 _apol
_heng
080 _a336.76
920 _a83-906409-3-7
920 _a0-273-60528-3 (oryg)
942 _cKS
008 971120s1996 pl |000 0 pol
999 _c32134
_d32134
856 _uhttp://koha.tu.koszalin.pl/cgi-bin/koha/opac-detail.pl?biblionumber=32134
_yKatalog online BPK